| 000 | 00339nam a2200145Ia 4500 | ||
|---|---|---|---|
| 008 | 230312s9999||||xx |||||||||||||| ||und|| | ||
| 082 |
_a331.8909 _bRAT |
||
| 100 | _aRatnam, CS Venkata | ||
| 245 | 0 | _aNegotiated Change | |
| 260 |
_bResponse books _aNew Dehli _c2003 |
||
| 300 | _a367 | ||
| 546 | _aEng. | ||
| 650 | _aEconomics | ||
| 942 | _cBK | ||
| 999 |
_c2614 _d2614 |
||